| 000 | 04002nam0a22005651 4500 | ||
|---|---|---|---|
| 001 | RU\NLR\A1\26026 | ||
| 005 | 20251203152403.2 | ||
| 035 | _a(NLR Aleph) 009680346 | ||
| 090 |
_a9699251 _c9699251 |
||
| 100 | _a19990805d1789 m y0rusy50 ca | ||
| 101 | 1 |
_arus _cfre |
|
| 102 | _aRU | ||
| 135 | _acrcn 024anaba | ||
| 140 | _ay y ma zzyaa0100 | ||
| 200 | 1 |
_aПарижския ночи, подражание Афинским ночам Авла-Геллия; или Собрание отборных исторических мест, анекдотов, достопамятных обыкновений, чрезвычайных дел, критических наблюдений, философических размышлений, и проч. и проч. _eПеревод с французскаго |
|
| 210 |
_aМосква _cВ Унивситетской типографии, у А. Светушкина _d1789 |
||
| 215 |
_a144 с. _d8° |
||
| 300 | _aЦенз.: С указнаго дозволения | ||
| 316 |
_aЭкз. РНБ (18.229.3.28) в составном картон. пер., оклееном серо-коричневой мрамор. бумагой, со светло-коричневыми кожаными корешком и уголками. Корешок гладкий, с золотым тиснением (золото частично утрачено). На корешке золотом вытеснен суперэкслибрис И.П.Б. с буквами И.Б. и загл.: "Парижск ночи". На нижней крышке пер. экслибрис Рус. фонда ГПБ с шифром. Обрез крапчатый, синий. На форзаце ярлык с шифром РНБ. На нахзаце штамп дезинфекции. На тит. л. штамп ИБ в венке с короной. Размер: 19,2х12,2х1,4 см. _5NLR: 18.229.3.28 |
||
| 321 | 1 | _aСК XVIII 8288 | |
| 325 | _aКопия доступна в Электрон. б-ке РНБ | ||
| 517 | 1 | _aСобрание отборных исторических мест, анекдотов, достопамятных обыкновений, чрезвычайных дел, критических наблюдений, философических размышлений, и проч. и проч. | |
| 518 | 1 | _aПарижские ночи, подражание Афинским ночам Авла-Геллия; или Собрание отборных исторических мест, анекдотов, достопамятных обыкновений, чрезвычайных дел, критических наблюдений, философических размышлений, и проч. и проч. | |
| 620 | _dМосква | ||
| 700 | 1 |
_aШомель _bА. А. _f18 в. _gАнтуан Анжелик _4070 |
|
| 702 | 1 |
_aСветушкин _bА. А. _f-1789 _gАлександр Артамонович _4610 |
|
| 712 | 0 | 2 |
_aМосковский университет _bТипография _3RU\NLR\AUTH\889932963 _4610 |
| 801 | 0 |
_aRU _bNLR _c19990805 |
|
| 852 |
_aNLR _j18.229.3.28 |
||
| 852 |
_aNLR _j138/2708 |
||
| 856 | 0 | _uhttp://vivaldi.nlr.ru/bx000018124/view | |
| 856 | 1 | _uhttp://vivaldi.nlr.ru/bx000018124/cover | |
| 856 | 2 | _uhttp://vivaldi.nlr.ru/bx000018124/text | |
| 899 | _aРГБ | ||
| 899 | _aБАН | ||
| 899 | _aМГУ | ||
| 899 | _aГПИБ | ||
| 899 | _aЯИАМЗ | ||
| 899 | _aГМЗРК | ||
| 899 | _aНБЛ КГУ | ||
| 942 | _cBOOK | ||
| 980 | 3 | _akpcivil | |
| 980 | 3 | _akp | |
| 980 | _aNB | ||
| 980 | _aA1XVIIIv | ||
| 981 | 2 | 0 |
_a(20) Книжные памятники РНБ _b(20) Русский книжный фонд |